00546nam a2200133Ia 4500008004100000082001600041100005900057245010900116260002700225300000900252942001200261999001900273952012000292210430s9999 xx 000 0 und d a660 C 853 C aJ. R. Backhurst, J. H. Harker, J.F. Richardson9127643 aCoulson & Richardson's Chemical EngineeringbSolutions for the problems in chemical engineering Volume-1 aIndiabHeinemannc2001 a332p cBK2ddc c563244d563244 001040708NFICaSCMEbSCMEcGENd0000-00-00l4m3o660 C 853 CpSCME-2155r2024-11-28s2024-09-23w2021-04-30yBK